Most Valuable Irish Football Players - Statistics

General Stats
  • This quiz has been taken 26 times
    18 since last reset
  • The average score is 9 of 26
Answer Stats
Market Value Player Club % Correct
€1m Evan Ferguson Brighton & Hove Albion
87%
€8m Caoimhin Kelleher Liverpool
73%
€12m Matt Doherty Tottenham Hotspurs
73%
€1.2m Seamus Coleman Everton
67%
€4m Dara O'Shea West Bromwich Albion
60%
€7m John Egan Sheffield United
60%
€4m Troy Parrott Ipswich Town (Loan)
53%
€3.5m Festy Ebosele Udinese (Italy)
47%
€7m Josh Cullen Burnley
47%
€5m Callum Robinson Cardiff City
40%
€15m Gavin Bazunu Southampton
40%
€1m Robbie Brady Preston North End
40%
€6m Aaron Connolly Venezia
33%
€3.2m Alan Browne Preston North End
33%
€2.5m Jeff Hendrick Newcastle United
33%
€5m Jason Knight Derby County
27%
€22m Nathan Collins €22m
27%
€2.5m Shane Duffy Fulham (Loan)
20%
€2.2m Will Smallbone Stoke City
20%
€2m Chiedozie Ogbene Rotherham United
13%
€1.2m Jayson Molumby Preston North End
13%
€2m Mark Travers Bournemouth
13%
€4m Michael Obafemi Swansea City
13%
€1m Conor Coventry West Ham United
7%
€4m Darragh Lenihan Blackburn Rovers
7%
€2.5m Callum O'Dowda Cardiff City
0%
No matching quizzes found
Score Distribution
Percent of People with Each Score
Percentile by Number Answered
Your Score History
You have not taken this quiz since the last reset